• 首页
  • 本馆介绍
  • 公告通知
  • 最新文献
  • 馆藏检索
  • 电子资源
  • 读者导购
  • 参考咨询
  • 我的图书馆
  • 登录
  • 详细信息显示
  • 放入我的书架
  • 预约/预借图书
  • 作者相关作品
  • 分类相关作品
  • 丛书相关作品
  • 出版社相关作品

书目信息

  • 表格格式
  • 工作单格式
  • 卡片格式
题名:
后革命时代的中国
    
 
作者: 德里克 著 ;刘东 译
分册:  
出版信息: 南京   江苏人民出版社  2015
页数: 382页
开本: 20cm
丛书名: 讲学社丛书
单 册:
中图分类: B250
科图分类:
主题词: 近代哲学--中国 , 个人-道德修养
电子资源:
ISBN: 978-7-208-12772-2
000 00682nam0 2200229 45
001 2634879047
005 20260413095234.59
010    @a978-7-208-12772-2@dCNY49.00
100    @a20211208d km y0chiy0120 ea
101 0  @achi
200 1  @a后革命时代的中国@AHou Ge Ming Shi Dai De Zhong Guo@f(美)德里克著@F(Mei)De Li Ke Zhu@g刘东译@GLiu Dong Yi
210    @a南京@c江苏人民出版社@d2015
215    @a382页@c插图@d20cm
225 2  @a讲学社丛书
410  0 @12001 @a讲学社丛书
606 0  @a近代哲学@x中国
606 0  @a个人-道德修养
690    @aB250@v4
701  0 @a德里克@ADe Li Ke@4著
702  0 @a刘东@ALiu Dong@4译
801  0 @aCN@bPFT@c20211208
905    @a213230@dB250@eZW428
    
    后革命时代的中国/(美)德里克著/刘东译.-南京:江苏人民出版社,2015
    382页:插图;20cm.-(讲学社丛书)
    
    
    ISBN 978-7-208-12772-2:CNY49.00
    
●
相关链接 在E读中查询图书 在五车中查询图书 在当当中查询图书 在豆瓣中查询图书


正题名:后革命时代的中国     索取号:B250/ZW428         预约/预借

序号 登录号 条形码 馆藏地/架位号 状态 备注
1 1442589   214425898   密集书库-文学院/ [索取号:B250/ZW428] 在馆    
唐山师范学院图书馆 欢迎您!
大连网信软件有限公司© 版权所有